[Event "FIDE Grand Swiss 2021"]
[Site "Riga"]
[Date "31.10.2021"]
[Round "5"]
[White "Vokhidov, Shamsiddin"]
[Black "Meshkovs, Nikita"]
[Result "1-0"]
[WhiteElo "2521"]
[BlackElo "2550"]

1. e4 e5 2. Nf3 Nc6 3. d4 exd4 4. Nxd4 Bc5 5. Nxc6 Qf6 6. Qf3 dxc6 7. Nc3
Be6 8. Be3 Bb4 9. O-O-O Qe7 10. Bd4 O-O-O 11. Qe3 Nf6 12. Be2 Rxd4 13. Qxd4
Bc5 14. Qd2 Bxf2 15. Bc4 Ng4 16. Bxe6+ Qxe6 17. Kb1 Be3 18. Qe2 Bc5 19.
Rhe1 Re8 20. h3 Ne5 21. a3 b5 22. Na2 Nc4 23. Qf3 Kb7 24. Nc1 f6 25. Qf5
Bb6 26. Qxe6 Rxe6 27. Rd7 g5 28. g4 Ne5 29. Rxh7 Nf3 30. Rd1 Rxe4 31. Rf7
Ng1 32. Rh7 Nf3 33. Nd3 c5 34. Rf7 Re6 35. Ka2 c4 36. Nb4 Ne5 37. Rh7 a5
38. Nd5 Rd6 39. Nc3 Rxd1 40. Nxd1 b4 41. Re7 Nf3 42. axb4 axb4 43. Ne3 Bc5
44. Re8 Nd2 45. b3 cxb3+ 46. cxb3 Bd4 47. Nd5 c5 48. Re2 Nf3 49. Nxf6 Kc7
50. Re6 Ng1 51. Ne4 Nxh3 52. Rh6 Nf4 53. Nxg5 Kd7 54. Ne4 Ke7 55. g5 Nd3
56. Kb1 Ne5 57. Nd6 Bc3 58. Nf5+ Kf7 59. Rf6+ Kg8 60. g6 c4 61. Rd6 1-0

[Event "FIDE Grand Swiss 2021"]
[Site "Riga"]
[Date "31.10.2021"]
[Round "5"]
[White "Adhiban, Baskaran"]
[Black "Rakotomaharo, Fy Antenaina"]
[Result "1-0"]
[WhiteElo "2672"]
[BlackElo "2484"]

1. b3 e5 2. Bb2 Nc6 3. c4 g6 4. e3 Bg7 5. Nf3 Nge7 6. d4 exd4 7. Nxd4 O-O
8. Nxc6 dxc6 9. Qxd8 Rxd8 10. Bxg7 Kxg7 11. Nc3 h5 12. Rd1 Be6 13. Bd3 a5
14. Ke2 h4 15. Rd2 f6 16. Rhd1 g5 17. f3 b6 18. Bc2 Rxd2+ 19. Rxd2 Rb8 20.
Bd3 Kf7 21. Kf2 Ng6 22. Bxg6+ Kxg6 23. e4 b5 24. c5 Kf7 25. Ne2 b4 26. Nd4
Bd7 27. Ke3 Ke7 28. f4 gxf4+ 29. Kxf4 a4 30. h3 axb3 31. axb3 Ra8 32. Rc2
Rg8 33. Nf3 Rg3 34. Rb2 Be6 35. Nd4 Bd7 36. Nf3 Be6 37. Nxh4 Rxb3 38. Nf5+
Kf7 39. Rxb3 Bxb3 40. Ke3 Ba2 41. Kd4 b3 42. Kc3 Bb1 43. Nd4 Bxe4 44. g3
Bg2 45. h4 Kg6 46. Kxb3 Be4 47. Kc3 Kh5 48. Kd2 Kg4 49. Ke3 Bd5 50. Kf2 Be4
51. Ne6 Bd5 52. Nf4 Be4 53. Ng2 Kf5 54. Ne3+ Ke5 55. Ng4+ Kf5 56. Ke3 Bd5
57. Nf2 Bf7 58. g4+ Ke5 59. Nd3+ Kd5 60. h5 Ke6 61. Nf4+ Ke7 62. Ng6+ Ke6
63. Ke4 Bg8 64. Nf4+ Kf7 65. Ne2 Bh7+ 66. Kf4 Bd3 67. Nd4 Bb5 68. Nc2 Bf1
69. Nb4 Bg2 70. Na6 Bf1 71. Nxc7 Bd3 72. Na8 Ke6 73. Nb6 Bh7 74. Nc8 Kd5
75. Nd6 Ke6 76. Ne4 Bg8 77. h6 1-0

[Event "FIDE Grand Swiss 2021"]
[Site "Riga"]
[Date "31.10.2021"]
[Round "5"]
[White "Suleymanli, Aydin"]
[Black "Gretarsson, Hjorvar Steinn"]
[Result "1-0"]
[WhiteElo "2541"]
[BlackElo "2577"]

1. d4 d5 2. c4 c6 3. Nf3 Nf6 4. e3 Bf5 5. Nc3 e6 6. Bd3 Bg6 7. O-O Nbd7 8.
b3 Ne4 9. Ne2 Bd6 10. Nf4 Bf5 11. Bb2 Qf6 12. Be2 g5 13. Nh5 Qh6 14. Ne5 f6
15. f3 Nc3 16. Bxc3 fxe5 17. dxe5 Bc5 18. Bd4 Bxd4 19. Qxd4 Qxh5 20. g4 Qf7
21. gxf5 Qxf5 22. cxd5 exd5 23. f4 O-O-O 24. Kh1 Kb8 25. Rg1 gxf4 26. exf4
Rhg8 27. Raf1 Rdf8 28. Rxg8 Rxg8 29. Qd3 Qf7 30. Qe3 Qe6 31. Rg1 Rxg1+ 32.
Kxg1 a6 33. h3 Nf6 34. f5 Qg8+ 35. Kh2 Ne4 36. f6 Kc7 37. Qf4 Qf8 38. Bd3
Kd7 39. Bxe4 dxe4 40. Qf5+ Kd8 41. Qxe4 Qc5 42. Qf4 Qc2+ 43. Kg3 Qe2 44. f7
Qe1+ 45. Kg4 Qg1+ 46. Kh5 Qd1+ 47. Kh6 1-0

[Event "FIDE Grand Swiss 2021"]
[Site "Riga"]
[Date "01.11.2021"]
[Round "6"]
[White "Shirov, Alexei"]
[Black "Firouzja, Alireza"]
[Result "1/2-1/2"]
[WhiteElo "2659"]
[BlackElo "2770"]

1. e4 c6 2. d4 d5 3. e5 Bf5 4. h4 h5 5. Bd3 Bxd3 6. Qxd3 Qa5+ 7. Nd2 e6 8.
Nf3 Nh6 9. O-O Nf5 10. Nb3 Qa6 11. Qd1 Be7 12. Bg5 Bxg5 13. Nc5 Qb6 14.
Nxg5 Na6 15. Nxa6 Qxa6 16. c3 Nxh4 17. g3 Nf5 18. Kg2 Qb6 19. b4 Qd8 20.
Qd2 Qe7 21. Rab1 Rh6 22. Rh1 O-O-O 23. b5 cxb5 24. Rxb5 h4 25. g4 h3+ 26.
Kf1 Rg6 27. gxf5 Rxg5 28. fxe6 fxe6 29. Rxh3 Rf5 30. c4 dxc4 31. Qc3 Rdf8
32. Qxc4+ Kb8 33. Rb2 Qf7 34. Qe2 Qc7 35. Qc2 Qd7 36. Rhb3 b6 37. Qc5 Qb7
38. Rxb6 axb6 39. Rxb6 Rxf2+ 40. Ke1 Rf1+ 41. Ke2 R1f2+ 42. Ke1 Rf1+ 43.
Ke2 1/2-1/2

[Event "FIDE Grand Swiss 2021"]
[Site "Riga"]
[Date "01.11.2021"]
[Round "6"]
[White "Najer, Evgeniy"]
[Black "Caruana, Fabiano"]
[Result "1/2-1/2"]
[WhiteElo "2654"]
[BlackElo "2800"]

1. e4 c5 2. Nf3 e6 3. d4 cxd4 4. Nxd4 Nf6 5. Nc3 Nc6 6. Nxc6 bxc6 7. e5 Nd5
8. Ne4 Qc7 9. f4 Qb6 10. c4 Bb4+ 11. Ke2 f5 12. exf6 Nxf6 13. Be3 Qd8 14.
Nd6+ Bxd6 15. Qxd6 Bb7 16. Rd1 Rc8 17. g4 c5 18. Rg1 Rf8 19. Bg2 Bxg2 20.
Rxg2 Rf7 21. Kf1 Qb6 22. Kg1 Rc6 23. Qd3 d5 24. g5 dxc4 25. Qe2 Ng8 26.
Qxc4 Ne7 27. Rgd2 Rf5 28. Qe4 Qc7 29. b3 a6 30. Rd3 Qc8 31. Bc1 g6 32. Bb2
Rd5 33. Rxd5 exd5 34. Rxd5 Re6 35. Re5 Rxe5 36. fxe5 Qd7 37. e6 Qd1+ 38.
Kg2 Qd2+ 39. Kh3 Qd5 40. Qxd5 Nxd5 41. Kg4 Ke7 42. Ba3 Kd6 43. Kf3 Ne7 44.
Ke4 Nd5 45. e7 Nxe7 46. b4 Nc6 47. bxc5+ Ke6 48. Bc1 Ne7 49. Bd2 Nc6 50.
Bc3 Ne7 51. Kd4 Nf5+ 52. Ke4 Ne7 53. Be5 Nc6 54. Bf4 Nb4 55. Kd4 Nc6+ 56.
Ke4 Nb4 57. Bd2 Nc6 58. Bc3 Ne7 1/2-1/2

[Event "FIDE Grand Swiss 2021"]
[Site "Riga"]
[Date "01.11.2021"]
[Round "6"]
[White "Sevian, Samuel"]
[Black "Yu, Yangyi"]
[Result "1/2-1/2"]
[WhiteElo "2654"]
[BlackElo "2704"]

1. d4 d5 2. Bf4 Nf6 3. e3 Bg4 4. Nf3 e6 5. h3 Bh5 6. c4 Bd6 7. Bxd6 cxd6 8.
Nc3 dxc4 9. Bxc4 O-O 10. Be2 Qb6 11. Qd2 Nc6 12. O-O Rfc8 13. Rfc1 Bg6 14.
Nh4 Ne4 15. Qe1 Nxc3 16. bxc3 Be4 17. f3 Bg6 18. Nxg6 hxg6 19. Rab1 Qc7 20.
f4 Qe7 21. h4 Rc7 22. Rb5 d5 23. c4 a6 24. Rb3 dxc4 25. Rxc4 Rac8 26. Rbc3
Na5 27. Rxc7 Rxc7 28. Qc1 Rxc3 29. Qxc3 Nc6 30. Bxa6 bxa6 31. Qxc6 Qa3
1/2-1/2

[Event "FIDE Grand Swiss 2021"]
[Site "Riga"]
[Date "01.11.2021"]
[Round "6"]
[White "Nihal, Sarin"]
[Black "Navara, David"]
[Result "1/2-1/2"]
[WhiteElo "2652"]
[BlackElo "2691"]

1. d4 Nf6 2. c4 g6 3. Nc3 d5 4. Nf3 Bg7 5. cxd5 Nxd5 6. e4 Nxc3 7. bxc3 c5
8. Bb5+ Nc6 9. O-O cxd4 10. cxd4 O-O 11. Bxc6 bxc6 12. Qc2 Ba6 13. Rd1 c5
14. dxc5 Bxa1 15. Bh6 Bh8 16. Rxd8 Rfxd8 17. h4 Bd3 18. Qa4 a6 19. Bg5 Rac8
20. Bxe7 Re8 21. Bd6 Bxe4 22. Qxa6 Ra8 23. Qc4 Bxf3 24. gxf3 Be5 25. Qd5
Rad8 26. h5 Re6 27. h6 Bf4 28. Qb7 Bxh6 29. c6 Rexd6 30. c7 Bg5 31. a4 Kg7
32. a5 Re8 33. c8=Q Rxc8 34. Qxc8 Bd8 35. a6 Bb6 36. Qb7 Rf6 37. Kg2 h6 38.
a7 Bxa7 39. Qxa7 Rf5 40. Qd4+ 1/2-1/2

[Event "FIDE Grand Swiss 2021"]
[Site "Riga"]
[Date "01.11.2021"]
[Round "6"]
[White "Korobov, Anton"]
[Black "Tari, Aryan"]
[Result "1/2-1/2"]
[WhiteElo "2690"]
[BlackElo "2646"]

1. d4 d5 2. c4 e6 3. Nc3 c5 4. e3 Nf6 5. Nf3 Nc6 6. a3 dxc4 7. Bxc4 a6 8.
O-O b5 9. Bd3 cxd4 10. exd4 Be7 11. Re1 Bb7 12. Ne4 Nxe4 13. Bxe4 Na5 14.
Bxb7 Nxb7 15. Bf4 O-O 16. Rc1 Rc8 17. Rxc8 Qxc8 18. Qd3 Qa8 19. Bg5 Bd6 20.
Bd2 Be7 21. Bg5 Bd6 22. Bd2 Be7 23. Bg5 Bd6 1/2-1/2

[Event "FIDE Grand Swiss 2021"]
[Site "Riga"]
[Date "01.11.2021"]
[Round "6"]
[White "Predke, Alexandr"]
[Black "Sasikiran, Krishnan"]
[Result "0-1"]
[WhiteElo "2666"]
[BlackElo "2640"]

1. d4 Nf6 2. c4 e6 3. Nc3 Bb4 4. e3 O-O 5. Bd3 d5 6. a3 Bxc3+ 7. bxc3 dxc4
8. Bxc4 e5 9. Nf3 e4 10. Ne5 Nc6 11. Qc2 Nxe5 12. dxe5 Ng4 13. Be2 Qd5 14.
c4 Qxe5 15. Bb2 Qf5 16. O-O-O Nxf2 17. Rhf1 Nd3+ 18. Bxd3 exd3 19. Qc3 Qg6
20. g4 f6 21. Rf4 Be6 22. Rg1 Rad8 23. Kd2 Qg5 24. Rg3 h6 25. Qb4 b6 26.
Qa4 b5 27. cxb5 Qd5 28. Qb4 c5 29. Qc3 Rb8 30. a4 a6 31. g5 hxg5 32. e4 Qd7
33. Rff3 axb5 34. Rxd3 Qc7 35. axb5 Qf4+ 36. Ke1 Rxb5 37. Rd2 Rb3 38. Qxc5
Rxg3 39. hxg3 Qxg3+ 40. Qf2 Qg4 41. Rd4 Qh3 42. Qf1 g4 43. Qxh3 gxh3 44.
Kf2 Kf7 45. Kg3 Rb8 46. Bc1 Rb3+ 47. Kh2 Rf3 48. Rd2 g5 49. Kg1 g4 50. Rf2
Rb3 51. Bg5 Rb1+ 52. Kh2 g3+ 53. Kxg3 Rg1+ 0-1

[Event "FIDE Grand Swiss 2021"]
[Site "Riga"]
[Date "01.11.2021"]
[Round "6"]
[White "Deac, Bogdan-Daniel"]
[Black "Sargissian, Gabriel"]
[Result "1/2-1/2"]
[WhiteElo "2643"]
[BlackElo "2664"]

1. e4 e5 2. Nf3 Nc6 3. Bb5 a6 4. Ba4 Nf6 5. O-O Be7 6. Re1 b5 7. Bb3 O-O 8.
c3 d5 9. exd5 Nxd5 10. Nxe5 Nxe5 11. Rxe5 c6 12. d3 Bd6 13. Re1 Bf5 14. Qf3
Qh4 15. g3 Qh3 16. Nd2 Rae8 17. Ne4 Bg4 18. Qg2 Qxg2+ 19. Kxg2 f5 20. Bf4
Bxf4 21. gxf4 fxe4 22. dxe4 Bf3+ 23. Kxf3 Rxf4+ 24. Kg3 Rfxe4 25. Rxe4 Rxe4
26. f3 Re5 27. c4 bxc4 28. Bxc4 a5 29. Rc1 Rg5+ 30. Kf2 Kf8 31. Bd3 Ne7 32.
Be4 Rh5 33. Kg3 Rg5+ 34. Kf2 Rh5 35. Kg3 Rg5+ 36. Kf2 1/2-1/2

[Event "FIDE Grand Swiss 2021"]
[Site "Riga"]
[Date "01.11.2021"]
[Round "6"]
[White "Vitiugov, Nikita"]
[Black "Petrosyan, Manuel"]
[Result "1/2-1/2"]
[WhiteElo "2727"]
[BlackElo "2605"]

1. e4 e5 2. Nf3 Nc6 3. Bb5 a6 4. Ba4 Nf6 5. O-O b5 6. Bb3 Bc5 7. a4 Rb8 8.
Nxe5 Nxe5 9. d4 Bxd4 10. Qxd4 d6 11. f3 c5 12. Qf2 O-O 13. Nc3 h6 14. Rd1
c4 15. Ba2 Qc7 16. axb5 axb5 17. Bb1 b4 18. Ra7 Qc6 19. Ne2 Bd7 20. Be3 Ra8
21. Qe1 Rxa7 22. Bxa7 Qb7 23. Bd4 Re8 24. Ng3 h5 25. h4 d5 26. c3 Ba4 27.
Bxe5 Rxe5 28. Rd4 Qb6 29. f4 Re8 30. e5 g6 31. Kh1 Ng4 32. Rxd5 Nf2+ 33.
Kh2 Ng4+ 34. Kh1 Nf2+ 35. Kh2 Ng4+ 1/2-1/2

[Event "FIDE Grand Swiss 2021"]
[Site "Riga"]
[Date "01.11.2021"]
[Round "6"]
[White "Aronian, Levon"]
[Black "Donchenko, Alexander"]
[Result "1/2-1/2"]
[WhiteElo "2782"]
[BlackElo "2648"]

1. c4 Nf6 2. Nc3 e5 3. Nf3 Nc6 4. e4 Bb4 5. d3 d6 6. a3 Bc5 7. b4 Bb6 8.
Na4 Bd4 9. Rb1 Bg4 10. Be2 Bxf3 11. Bxf3 O-O 12. O-O a6 13. Qd2 Ba7 14. Nc3
Nd4 15. Bd1 b5 16. Kh1 c5 17. Qa2 Qd7 18. f4 Kh8 19. f5 cxb4 20. axb4 Rfc8
21. Bg5 bxc4 22. Bxf6 gxf6 23. Qd2 cxd3 24. Nd5 Qd8 25. Qxd3 Qf8 26. Ra1
Nb5 27. Rxa6 Nc7 28. Nxc7 Rxc7 29. Qa3 Qe7 30. b5 Rb8 31. Be2 Bd4 32. Rc1
d5 33. Rxc7 Qxc7 34. Bd3 dxe4 35. Bxe4 Qc5 36. Qxc5 Bxc5 37. Ra8 Rxa8 38.
Bxa8 Kg7 39. g3 Kf8 40. Kg2 Ke7 41. Kf3 Kd6 42. Ke2 Bg1 43. Bf3 Kc5 44. Kf1
Bd4 45. Be2 Kd5 46. Kg2 Ke4 47. g4 Kf4 48. h3 e4 49. Bc4 e3 50. Be2 Bb6 51.
Bc4 Bd4 52. Be2 Bb6 1/2-1/2

[Event "FIDE Grand Swiss 2021"]
[Site "Riga"]
[Date "01.11.2021"]
[Round "6"]
[White "Esipenko, Andrey"]
[Black "Abdusattorov, Nodirbek"]
[Result "1-0"]
[WhiteElo "2720"]
[BlackElo "2646"]

1. d4 Nf6 2. c4 e6 3. Nf3 c5 4. d5 exd5 5. cxd5 d6 6. Nc3 g6 7. h3 Bg7 8.
Bf4 O-O 9. e3 Na6 10. Bxa6 bxa6 11. Rc1 Rb8 12. b3 a5 13. O-O Rb4 14. Re1
Nh5 15. Bh2 f5 16. a3 Rb7 17. e4 Bxc3 18. Rxc3 fxe4 19. Nd2 Nf6 20. Nxe4
Nxe4 21. Rxe4 Bf5 22. Re1 a4 23. bxa4 Rb1 24. Rc1 Rb2 25. Bg3 Qf6 26. Re2
Bd7 27. Be5 1-0

[Event "FIDE Grand Swiss 2021"]
[Site "Riga"]
[Date "01.11.2021"]
[Round "6"]
[White "Bluebaum, Matthias"]
[Black "Harikrishna, Pentala"]
[Result "1/2-1/2"]
[WhiteElo "2640"]
[BlackElo "2719"]

1. d4 d5 2. c4 c6 3. Nf3 Nf6 4. Qc2 dxc4 5. Qxc4 Bf5 6. g3 e6 7. Bg2 Be7 8.
O-O Nbd7 9. Qb3 Qb6 10. Nbd2 O-O 11. Nc4 Qa6 12. Bf4 Nb6 13. Bd6 Bxd6 14.
Nxd6 Be4 15. Nxe4 Nxe4 16. Qc2 Nf6 17. Ne5 Nbd7 18. Nxd7 Nxd7 19. b4 Qb6
20. Rab1 Nf6 21. e3 Nd5 22. Qb3 a6 23. a4 Rfd8 24. Rfc1 h6 25. Rc5 Rac8 26.
Bf3 Ne7 27. Qc2 Qa7 28. h4 Qb8 29. Kg2 Nf5 30. Rb3 Nd6 31. Rbc3 Re8 32. Be2
Rcd8 33. Bd3 Re7 34. Qe2 Ne8 35. b5 axb5 36. axb5 cxb5 1/2-1/2

[Event "FIDE Grand Swiss 2021"]
[Site "Riga"]
[Date "01.11.2021"]
[Round "6"]
[White "Dubov, Daniil"]
[Black "Saric, Ivan"]
[Result "1-0"]
[WhiteElo "2714"]
[BlackElo "2644"]

1. e4 c5 2. Nf3 d6 3. Bb5+ Nd7 4. O-O a6 5. Bd3 Ngf6 6. c3 b5 7. a4 Bb7 8.
axb5 axb5 9. Rxa8 Qxa8 10. Na3 b4 11. Nb5 Qa5 12. cxb4 cxb4 13. Bc4 Nxe4
14. d3 d5 15. Bf4 e5 16. Nxe5 dxc4 17. dxc4 Nxe5 18. Bxe5 Bc5 19. Bd6 Bxd6
20. Nxd6+ Nxd6 21. Qxd6 Bc8 22. Re1+ Be6 23. Rd1 Qa8 24. c5 Qc8 25. c6 h5
26. Re1 Rh6 27. Re5 Qd8 28. Qxb4 Qc7 29. Qc5 Qe7 30. Qc3 Qc7 31. b4 Ke7 32.
b5 Rh8 33. Qg3 Rd8 34. h4 Kf8 35. Rxe6 Qxg3 36. fxg3 fxe6 37. c7 Ke7 38.
cxd8=Q+ Kxd8 39. Kf2 Kc7 40. Ke3 Kb6 41. Kd4 Kxb5 42. Ke5 1-0

[Event "FIDE Grand Swiss 2021"]
[Site "Riga"]
[Date "01.11.2021"]
[Round "6"]
[White "Maghsoodloo, Parham"]
[Black "Tabatabaei, M. Amin"]
[Result "1/2-1/2"]
[WhiteElo "2701"]
[BlackElo "2639"]

1. e4 e5 2. Nf3 Nc6 3. Bc4 Bc5 4. c3 Nf6 5. d3 d6 6. O-O a5 7. Re1 O-O 8.
h3 h6 9. Nbd2 Be6 10. Bb5 Qb8 11. Nf1 Qa7 12. Be3 Bxe3 13. Nxe3 Ne7 14. a4
Ng6 15. Bc4 Bxc4 16. Nxc4 Qa6 17. Qc2 Nf4 18. Kh2 Rfe8 19. b3 Ne6 20. Rab1
Qc6 21. Nfd2 Nf4 22. Nf3 Ne6 23. Nfd2 Nf4 24. Nf3 Ne6 25. Nfd2 Nf4 26. Nf3
1/2-1/2

[Event "FIDE Grand Swiss 2021"]
[Site "Riga"]
[Date "01.11.2021"]
[Round "6"]
[White "Swiercz, Dariusz"]
[Black "Xiong, Jeffery"]
[Result "1/2-1/2"]
[WhiteElo "2647"]
[BlackElo "2700"]

1. e4 e5 2. Nf3 Nc6 3. Bb5 Nf6 4. O-O Nxe4 5. d4 Nd6 6. Bxc6 dxc6 7. dxe5
Nf5 8. Qxd8+ Kxd8 9. Rd1+ Ke8 10. Nc3 Be7 11. g4 Nh4 12. Nxh4 Bxh4 13. Kg2
Be6 14. h3 f5 15. exf6 Bxf6 16. Bf4 Bxc3 17. bxc3 Rd8 18. Be5 Kf7 19. Kg3
Rhe8 20. f4 Rxd1 21. Rxd1 Bxa2 22. Rd7+ Re7 23. Rxe7+ Kxe7 24. Bxg7 a5 25.
f5 a4 26. Bh6 Bb1 27. Bc1 Bxc2 28. Ba3+ Kf7 29. Kf4 Bd3 30. h4 b6 31. h5
Be2 32. h6 c5 33. g5 Bd3 34. Ke5 Bc4 35. Bc1 b5 36. Ba3 b4 37. cxb4 cxb4
38. Bxb4 Bd3 39. Ba3 Bc2 40. Kf4 Bb1 41. g6+ Kg8 42. Kg5 Bc2 43. Kf6 Bb1
44. Bc1 Bc2 45. Bb2 Bd3 46. Ba3 Bc2 47. Bc1 Bd3 48. gxh7+ Kxh7 49. Ke6 a3
50. Bxa3 Bxf5+ 51. Kxf5 Kxh6 52. Ke6 Kg6 53. Kd7 Kf5 54. Kxc7 1/2-1/2

[Event "FIDE Grand Swiss 2021"]
[Site "Riga"]
[Date "01.11.2021"]
[Round "6"]
[White "Artemiev, Vladislav"]
[Black "Ponomariov, Ruslan"]
[Result "1/2-1/2"]
[WhiteElo "2699"]
[BlackElo "2631"]

1. c4 c6 2. e4 d5 3. exd5 cxd5 4. d4 Nf6 5. Nc3 e6 6. Nf3 Bb4 7. cxd5 Nxd5
8. Bd2 O-O 9. Bd3 Nc6 10. O-O Be7 11. a3 Bf6 12. Qc2 g6 13. Bh6 Bg7 14.
Bxg7 Kxg7 15. Be4 Nce7 16. Rac1 b6 17. Nxd5 Nxd5 18. Qc6 Bd7 19. Qb7 Bb5
20. Rfe1 Rb8 21. Qxa7 Ra8 22. Qb7 Rb8 23. Qa7 Ra8 24. Qb7 Rb8 25. Qa7
1/2-1/2

[Event "FIDE Grand Swiss 2021"]
[Site "Riga"]
[Date "01.11.2021"]
[Round "6"]
[White "Kollars, Dmitrij"]
[Black "Wojtaszek, Radoslaw"]
[Result "1/2-1/2"]
[WhiteElo "2621"]
[BlackElo "2691"]

1. e4 c5 2. Nf3 d6 3. d4 cxd4 4. Nxd4 Nf6 5. Nc3 a6 6. Be3 e5 7. Nf3 Be7 8.
Bc4 O-O 9. O-O Nc6 10. Qe2 Na5 11. Bd3 Be6 12. Na4 b5 13. Bb6 Qc8 14. Bxa5
bxa4 15. Rfe1 Bd8 16. Bxd8 Rxd8 17. Nd2 Qc5 18. b3 a5 19. Bc4 Bd7 20. Qe3
Qxe3 21. Rxe3 Kf8 22. f3 Rdb8 23. Rd3 Ke7 24. Nf1 axb3 25. cxb3 a4 26. Rad1
Rb6 27. Ne3 h5 28. h4 g6 29. R1d2 Ra7 30. Kf2 Ra8 1/2-1/2

[Event "FIDE Grand Swiss 2021"]
[Site "Riga"]
[Date "01.11.2021"]
[Round "6"]
[White "Kuzubov, Yuriy"]
[Black "Kryvoruchko, Yuriy"]
[Result "1/2-1/2"]
[WhiteElo "2624"]
[BlackElo "2686"]

1. e4 e5 2. Nf3 Nc6 3. Bb5 Nf6 4. O-O Nxe4 5. Re1 Nd6 6. Nxe5 Be7 7. Bf1
Nxe5 8. Rxe5 O-O 9. d4 Bf6 10. Re1 Re8 11. Rxe8+ Nxe8 12. d5 d6 13. a4 a5
14. Nd2 Bg5 15. Nc4 Bxc1 16. Rxc1 Qg5 17. Ne3 Nf6 18. Qd4 Bd7 19. Be2 Re8
20. Bf3 b6 21. h4 Qe5 22. Rd1 Ne4 23. Bxe4 Qxe4 24. Qc3 Rc8 25. Rd4 Qe5 26.
b3 h6 27. Rc4 Qxc3 28. Rxc3 Kf8 29. f3 Ke7 30. Kf2 Kd8 31. Nc4 Rb8 1/2-1/2

[Event "FIDE Grand Swiss 2021"]
[Site "Riga"]
[Date "01.11.2021"]
[Round "6"]
[White "Sjugirov, Sanan"]
[Black "Yilmaz, Mustafa"]
[Result "1-0"]
[WhiteElo "2663"]
[BlackElo "2626"]

1. e4 c5 2. Nf3 d6 3. d4 cxd4 4. Nxd4 Nf6 5. Nc3 a6 6. h3 e6 7. g4 h6 8.
Bg2 Be7 9. Be3 Nc6 10. f4 Nd7 11. O-O O-O 12. Nf3 b5 13. h4 b4 14. Na4 e5
15. f5 Nd4 16. Qd2 Nf6 17. Nxd4 exd4 18. Qxd4 Rb8 19. g5 hxg5 20. hxg5 Ng4
21. Bf4 Bd7 22. Nc5 Bb5 23. Nd3 Bxg5 24. Qxd6 Bxf4 25. Qxf4 Qd4+ 26. Kh1
Ne3 27. Rf2 Rbc8 28. f6 Rc6 29. Qg3 g6 30. Ne5 Qd6 31. Qg5 Re8 32. Nxg6 1-0

[Event "FIDE Grand Swiss 2021"]
[Site "Riga"]
[Date "01.11.2021"]
[Round "6"]
[White "Chigaev, Maksim"]
[Black "Grandelius, Nils"]
[Result "1/2-1/2"]
[WhiteElo "2639"]
[BlackElo "2662"]

1. e4 e5 2. Nf3 Nc6 3. Bb5 a6 4. Ba4 Nf6 5. Nc3 b5 6. Bb3 Bc5 7. Nd5 Na5 8.
Nxe5 d6 9. d4 Nxb3 10. axb3 dxe5 11. Nxf6+ gxf6 12. dxc5 Qxd1+ 13. Kxd1 Rg8
14. g3 Bg4+ 15. Kd2 Bf3 16. Re1 Rg4 17. b4 Rxe4 18. Rxe4 Bxe4 19. Kc3 Bb7
20. b3 Ke7 21. Be3 Ke6 22. Kb2 Bd5 23. Rc1 Rb8 24. Ra1 Ra8 25. Rc1 Rb8 26.
Ra1 Ra8 27. Rc1 Rb8 28. Ra1 Ra8 29. Rc1 Rb8 30. Ra1 Ra8 31. Kc3 1/2-1/2

[Event "FIDE Grand Swiss 2021"]
[Site "Riga"]
[Date "01.11.2021"]
[Round "6"]
[White "Dreev, Aleksey"]
[Black "Anton Guijarro, David"]
[Result "0-1"]
[WhiteElo "2635"]
[BlackElo "2658"]

1. d4 Nf6 2. c4 e6 3. Nc3 Bb4 4. Qc2 O-O 5. a3 Bxc3+ 6. Qxc3 d6 7. Nf3 b6
8. g3 Bb7 9. Bg2 Nbd7 10. O-O c5 11. b3 a5 12. Rd1 Qc7 13. a4 Rac8 14. Bb2
d5 15. dxc5 bxc5 16. cxd5 exd5 17. e3 Qb6 18. Nh4 Qe6 19. Qxa5 Ne4 20. Qe1
Rfe8 21. Qe2 g5 22. Nf3 Qf5 23. b4 cxb4 24. Nd4 Qf6 25. Bh3 Ne5 26. Bxc8
Bxc8 27. f3 Nd6 28. Nb5 Nxf3+ 29. Kh1 Ne5 30. Rf1 Qe7 31. Nxd6 Qxd6 32. Bd4
Qg6 33. Bxe5 Rxe5 34. Qf3 Bh3 35. a5 Rf5 36. Qe2 Rxf1+ 37. Rxf1 Bxf1 38.
Qxf1 b3 39. a6 b2 40. a7 Qe4+ 0-1

[Event "FIDE Grand Swiss 2021"]
[Site "Riga"]
[Date "01.11.2021"]
[Round "6"]
[White "Keymer, Vincent"]
[Black "Oparin, Grigoriy"]
[Result "1/2-1/2"]
[WhiteElo "2630"]
[BlackElo "2654"]

1. d4 Nf6 2. c4 g6 3. Nc3 d5 4. cxd5 Nxd5 5. e4 Nxc3 6. bxc3 Bg7 7. Bc4 O-O
8. Ne2 c5 9. O-O Nc6 10. Be3 Bg4 11. f3 Na5 12. Bxf7+ Rxf7 13. fxg4 Rxf1+
14. Kxf1 Qd6 15. Kg1 Qe6 16. Qd3 Qc4 17. Qxc4+ Nxc4 18. Bf2 cxd4 19. cxd4
e5 20. Rc1 Nd6 21. Bg3 Re8 22. Rc7 Nxe4 23. Bxe5 Bxe5 24. dxe5 Rxe5 25.
Rxb7 Rd5 26. h3 Rd2 27. Nf4 Rxa2 28. Ne6 a5 29. g5 Ng3 30. Rg7+ Kh8 31. Ra7
Kg8 32. Rg7+ Kh8 33. Rd7 Kg8 34. Rg7+ 1/2-1/2

[Event "FIDE Grand Swiss 2021"]
[Site "Riga"]
[Date "01.11.2021"]
[Round "6"]
[White "Volokitin, Andrei"]
[Black "Hovhannisyan, Robert"]
[Result "1/2-1/2"]
[WhiteElo "2652"]
[BlackElo "2622"]

1. e4 e5 2. Nf3 Nc6 3. Bc4 Bc5 4. O-O Nf6 5. d3 d6 6. c3 a5 7. Re1 Be6 8.
Bb5 O-O 9. d4 Bb6 10. Bg5 h6 11. Bh4 exd4 12. cxd4 Bg4 13. Bxc6 bxc6 14.
Nc3 g5 15. Bg3 Bxf3 16. Qxf3 Bxd4 17. Rad1 Bxc3 18. Qxc3 Re8 19. e5 Nh5 20.
exd6 Rxe1+ 21. Rxe1 Nxg3 22. dxc7 Ne2+ 23. Rxe2 Qxc7 24. g3 Qd6 25. Re5 a4
26. Rc5 Rb8 27. Rxc6 Qd1+ 28. Kg2 Qd5+ 29. Kg1 Qd1+ 30. Kg2 Qd5+ 31. Kg1
1/2-1/2

[Event "FIDE Grand Swiss 2021"]
[Site "Riga"]
[Date "01.11.2021"]
[Round "6"]
[White "Sarana, Alexey"]
[Black "Praggnanandhaa, R"]
[Result "1-0"]
[WhiteElo "2649"]
[BlackElo "2618"]

1. d4 Nf6 2. c4 e6 3. Nf3 d5 4. Nc3 c5 5. cxd5 Nxd5 6. e4 Nxc3 7. bxc3 cxd4
8. cxd4 Bb4+ 9. Bd2 Bxd2+ 10. Qxd2 O-O 11. Bc4 Nd7 12. O-O b6 13. Rfe1 Bb7
14. Rad1 Rc8 15. Bb3 Re8 16. Re3 Nf6 17. Qe1 Qc7 18. h3 h6 19. d5 exd5 20.
e5 Nd7 21. Ba4 Bc6 22. Bc2 d4 23. Nxd4 Rxe5 24. Nf5 Rce8 25. Qc3 Nf6 26.
Rg3 Nh5 27. Rg4 Kf8 28. Rc4 Rc8 29. Rd6 Re6 30. Rxe6 fxe6 31. Qa3+ 1-0